Technical mathematics (Record no. 7531)

000 -LEADER
fixed length control field 00418 a2200157 4500
020 ## - INTERNATIONAL STANDARD BOOK NUMBER
International Standard Book Number 0138989176
082 ## - DEWEY DECIMAL CLASSIFICATION NUMBER
Classification number 510
090 ## - LOCALLY ASSIGNED LC-TYPE CALL NUMBER (OCLC); LOCAL CALL NUMBER (RLIN)
-- 3626
-- 3626
100 ## - MAIN ENTRY--PERSONAL NAME
Personal name Calter, Paul.
245 ## - TITLE STATEMENT
Title Technical mathematics
Statement of responsibility, etc. Paul Calter,
260 ## - PUBLICATION, DISTRIBUTION, ETC.
Place of publication, distribution, etc. Englewood Cliffs, NJ
Name of publisher, distributor, etc. : Prentice Hall,
Date of publication, distribution, etc. c1995.
300 ## - PHYSICAL DESCRIPTION
Extent xvi, 848 p.
Other physical details : ill.
Dimensions ; 27 cm.
500 ## - GENERAL NOTE
General note Includes Index
650 ## - SUBJECT ADDED ENTRY--TOPICAL TERM
Topical term or geographic name entry element Engineering mathematics.
942 ## - ADDED ENTRY ELEMENTS (KOHA)
Koha item type Book
Call number prefix 510 CAL
Holdings
Withdrawn status Lost status Damaged status Not for loan Collection code Permanent Location Current Location Shelving location Date acquired Source of acquisition Total Checkouts Full call number Barcode Date last seen Price effective from Koha item type
          Central Library (CL) Central Library (CL) General Stacks 12/09/2000 Donation   510 CAL SEECS000711 11/14/2012 01/05/2017 Book
© 2023 Central Library, National University of Sciences and Technology. All Rights Reserved.